<?xml version="1.0" encoding="UTF-8"?>
<record
    xmlns:xsi="http://www.w3.org/2001/XMLSchema-instance"
    xsi:schemaLocation="http://www.loc.gov/MARC21/slim http://www.loc.gov/standards/marcxml/schema/MARC21slim.xsd"
    xmlns="http://www.loc.gov/MARC21/slim">

  <leader>01292nam a22002657a 4500</leader>
  <datafield tag="999" ind1=" " ind2=" ">
    <subfield code="c">21862</subfield>
    <subfield code="d">21862</subfield>
  </datafield>
  <controlfield tag="003">AR-CdUCM</controlfield>
  <controlfield tag="008">190425b           ||||| |||| 00| 0 spa d</controlfield>
  <datafield tag="040" ind1=" " ind2=" ">
    <subfield code="a">MUNICIPALIDAD PROVINCIAL DEL CUSCO</subfield>
    <subfield code="c">BIBLIOTECA MUNICIPAL DEL CUSCO</subfield>
  </datafield>
  <datafield tag="082" ind1=" " ind2=" ">
    <subfield code="a">Rev.DIMA/N&#xB0;8-9/1941</subfield>
  </datafield>
  <datafield tag="110" ind1=" " ind2=" ">
    <subfield code="a">Instituto Arqueol&#xF3;gico del Cuzco</subfield>
    <subfield code="9">30920</subfield>
  </datafield>
  <datafield tag="245" ind1=" " ind2=" ">
    <subfield code="a">Revista del Instituto Arqueol&#xF3;gico /</subfield>
    <subfield code="c">Luis A. Pardo, director, Universidad Nacional del Cusco</subfield>
  </datafield>
  <datafield tag="260" ind1=" " ind2=" ">
    <subfield code="a">Cusco :</subfield>
    <subfield code="b">H.G. Rozas,</subfield>
    <subfield code="c">1941.</subfield>
  </datafield>
  <datafield tag="300" ind1=" " ind2=" ">
    <subfield code="a">110 p&#xE1;ginas. :</subfield>
    <subfield code="b">ilustraciones, 01 plano ;</subfield>
    <subfield code="c">21 cm.</subfield>
  </datafield>
  <datafield tag="440" ind1=" " ind2=" ">
    <subfield code="a">Revista del Instituto Arqueol&#xF3;gico.</subfield>
    <subfield code="n">A&#xF1;o V, primer y segundo semestre, 1941. N&#xB0;8 y 9.</subfield>
    <subfield code="9">46546</subfield>
  </datafield>
  <datafield tag="505" ind1=" " ind2=" ">
    <subfield code="a">Contenido: Prologo del Dr. Jos&#xE9; Gabriel Cosio. -- Ruinas del tr&#xE1;nsito. -- Machupijchu. -- Teor&#xED;as sobre el origen de Machupijchu. -- Otras opiniones. -- Huainapijchu. -- Las ruinas de Cedrobamba. -- Descubrimientos de dos nuevas ciudades en la zona de Cedrobamba.</subfield>
  </datafield>
  <datafield tag="650" ind1=" " ind2=" ">
    <subfield code="a">Arqueolog&#xED;a cusque&#xF1;a</subfield>
    <subfield code="9">9322</subfield>
  </datafield>
  <datafield tag="650" ind1=" " ind2=" ">
    <subfield code="a">Machupicchu</subfield>
    <subfield code="9">1751</subfield>
  </datafield>
  <datafield tag="650" ind1=" " ind2=" ">
    <subfield code="a">Arquitectura Inka</subfield>
    <subfield code="9">45226</subfield>
  </datafield>
  <datafield tag="650" ind1=" " ind2=" ">
    <subfield code="a">Inkas</subfield>
    <subfield code="9">1899</subfield>
  </datafield>
  <datafield tag="700" ind1=" " ind2=" ">
    <subfield code="a">Pardo, Luis A</subfield>
    <subfield code="9">25736</subfield>
  </datafield>
  <datafield tag="710" ind1=" " ind2=" ">
    <subfield code="a">Universidad Nacional de San Antonio Abad del Cusco</subfield>
    <subfield code="9">15942</subfield>
  </datafield>
  <datafield tag="942" ind1=" " ind2=" ">
    <subfield code="2">ddc</subfield>
    <subfield code="c">PP</subfield>
  </datafield>
  <datafield tag="945" ind1=" " ind2=" ">
    <subfield code="a">rac</subfield>
  </datafield>
  <datafield tag="952" ind1=" " ind2=" ">
    <subfield code="0">0</subfield>
    <subfield code="2">ddc</subfield>
    <subfield code="4">0</subfield>
    <subfield code="7">0</subfield>
    <subfield code="a">HEM</subfield>
    <subfield code="b">HEM</subfield>
    <subfield code="c">CART</subfield>
    <subfield code="d">2021-08-27</subfield>
    <subfield code="g">10.00</subfield>
    <subfield code="o">Rev.DIMA/N&#xB0;8-9/1941/e.2</subfield>
    <subfield code="p">REVC000349</subfield>
    <subfield code="r">2021-08-27</subfield>
    <subfield code="y">PP</subfield>
  </datafield>
  <datafield tag="952" ind1=" " ind2=" ">
    <subfield code="0">0</subfield>
    <subfield code="2">ddc</subfield>
    <subfield code="4">0</subfield>
    <subfield code="7">0</subfield>
    <subfield code="a">HEM</subfield>
    <subfield code="b">HEM</subfield>
    <subfield code="c">CART</subfield>
    <subfield code="d">2021-08-27</subfield>
    <subfield code="g">10.00</subfield>
    <subfield code="o">Rev.DIMA/N&#xB0;8-9/1941</subfield>
    <subfield code="p">REVC000348</subfield>
    <subfield code="r">2021-09-27</subfield>
    <subfield code="y">PP</subfield>
  </datafield>
</record>
